Star Wars Character Quiz - Statistics

General Stats
  • This quiz has been taken 49 times
  • The average score is 11 of 12
Answer Stats
No. Hint Answer % Correct
1 Guy who trains defeat the bad guy Luke Skywalker
100%
8 No. 1's father, main antagonist Darth Vader/Anakin Skywalker
95%
5 Protagonists mentor, helps him train Ben Kenobi/Obi-Wan Kenobi
93%
7 Friend of No. 6, also a droid C3PO
93%
3 Smuggler who helpsprotagonists save the princess Han Solo
93%
6 Droid that has secret to destroyantagonists super weapon R2D2
93%
4 Partner of No. 3, doesn't talk Chewbacca
90%
9 No. 8's mentor, ruler of the galaxy Emperor Palpatine/Darth Sidious
90%
10 Small creature who also helps No.1 train Yoda
90%
11 Old friend of No.3, used to own his ship Lando Calrissian
88%
12 Tiny fuzzy creatures that fight with the protagonists to defeat No.8's army Ewoks
85%
2 Girl who gets capturedby the bad guys and is a princess Leia Organa
78%
No matching quizzes found
Score Distribution
Percent of People with Each Score
Percentile by Number Answered
Your Score History
You have not taken this quiz